| 000 | 01182nam a2200313 i 4500 | ||
|---|---|---|---|
| 003 | DO-SdBNP | ||
| 005 | 20250813133358.0 | ||
| 007 | ta | ||
| 008 | 250813b2025 dr ||||| |||| 00| 0 spa d | ||
| 020 | _a9789945656503 | ||
| 040 |
_aDO-SdBNP _bspa _cBNPHU _erda |
||
| 041 | _aspa | ||
| 082 | 1 |
_axxx _bL698v _222 |
|
| 100 |
_aLicairac Romero, Nelly de, _eautor _4aut. _988500 |
||
| 245 | 1 | 0 |
_aVoces de vida : _bmás allá del diagnóstico / _cNelly Licairac de Romero, Mirna Santiago ; prólogo, Maritza Arbaje ; corrección, Carmen Rita Malagón, Eneyda Pereyra Córdova |
| 264 | 1 |
_aSanto Domingo : _bEditorial Santuario, _c2025. |
|
| 300 |
_a236 páginas ; _c24 cm. |
||
| 336 |
_atexto _btxt _2rdacontent |
||
| 337 |
_asin mediación _bn _2rdamedia |
||
| 338 |
_avolumen _bnc _2rdacarrier |
||
| 500 | _aIncluye datos biográficos de los autores en las solapas | ||
| 590 | _aInventariado, 2025/BT | ||
| 700 | 1 |
_aSantiago, Mirna, _eautor _4aut. _988501 |
|
| 700 | 1 |
_aArbaje, Maritza, _eprologuista _4pr. _955941 |
|
| 700 | 1 |
_aMalagón, Carmen Rita, _ecorrector _4corr. _988502 |
|
| 700 | 1 |
_aPereyra Córdova, Enedina, _ecorrector _4corr. _988503 |
|
| 910 | _aBtavárez | ||
| 942 |
_2ddc _cLBS1 |
||
| 999 |
_c59790 _d59790 |
||